Piosenki z największą ilością wyświetleń w 24 godziny - Statystyki

Ogólne statystyki
  • Ten quiz został rozwiązany 44 razy
    23 od ostatniego zresetowania
  • Średni wynik to 20 z 94
Statystyki odpowiedzi
# Wyś. Artysta i Piosenka Rok Wydania Kraj % Poprawnych
1 108.2 Zespół BTS 2021 Korea Południowa
81%
2 101.1 Zespół BTS 2020 Korea Południowa
81%
6 71.6 Zespół BTS 2020 Korea Południowa
81%
7 68.5 Zespół BTS 2021 Korea Południowa
81%
12 46.5 Zespół BTS 2020 Korea Południowa
81%
13 45.9 Zespół BTS 2018 Korea Południowa
81%
21 35.9 Zespół BTS 2018 Korea Południowa
81%
26 29.3 Zespół BTS 2021 Korea Południowa
81%
29 27.7 Zespół BTS 2020 Korea Południowa
81%
39 22.3 Zespół BTS 2017 Korea Południowa
81%
40 22.2 Zespół BTS 2020 Korea Południowa
81%
5 74.6 Zespół/Solo BTS (feat. Halsey) 2019 Korea Południowa/USA
81%
42 21.8 Solo/Zespół Lady Gaga & BLACKPINK 2020 USA/Korea Południowa
71%
4 79.0 Zespół/Solo BLACKPINK (with Selena Gomez) 2020 Korea Południowa/USA
67%
3 86.3 Zespół BLACKPINK 2020 Korea Południowa
62%
9 61.4 Zespół BLACKPINK
62%
10 56.7 Zespół BLACKPINK 2019 Korea Południowa
62%
19 36.2 Zespół BLACKPINK 2018 Korea Południowa
62%
Dynamite
38%
ON
38%
20 36.0 Solo PSY 2013 Korea Południowa
38%
44 21.7 Colab Ariana Grande, Miley Cyrus & Lana Del Rey 2019 USA/USA/USA
33%
Butter
33%
37 23.4 Colab Lady Gaga & Ariana Grande 2020 USA/USA
33%
11 55.4 Solo Ariana Grande 2018 USA
24%
36 23.6 Solo Ariana Grande 2019 USA
24%
18 38.1 Solo Eminem 2018 USA
19%
38 23.2 Zespół EXO 2021 Korea Południowa
19%
How You Like That
19%
Ice Cream
19%
14 43.2 Solo Taylor Swift 2017 USA
19%
46 20.4 Solo Taylor Swift 2017 USA
19%
8 65.2 Colab Taylor Swift (feat. Brendon Urie) 2019 USA/USA
19%
28 27.7 Solo Adele 2015 Wielka Brytania
14%
Boy With Luv
14%
Fake Love
14%
Kill This Love
14%
ME!
14%
31 26.1 Colab Shawn Mendes & Camila Cabello 2019 Kanada/Kuba
14%
15 42.1 Zespół Twice 2019 Korea Południowa
14%
24 31.4 Zespół Twice 2018 Korea Południowa
14%
DDU-DU DDU-DU
10%
DNA
10%
IDOL
10%
43 21.7 Solo z Zespołu J-Hope & BeckyG 2019 Korea Południowa/USA
10%
Permission to Dance
10%
23 32.5 Colab 6ix9ine & Nicki Minaj 2020 USA/USA
5%
35 23.8 Solo z Zespołu Agust D 2020 Korea Południowa
5%
30 26.5 Colab Cardi B & Meghan Thee Stallion 2020 USA/USA
5%
Don't Fight the Feeling
5%
Fancy
5%
Gentleman
5%
41 22.0 Colab J Balvin, Jeon & Anitta 2018 Kolumbia/Aruba/Brazylia
5%
Lovesick Girls 2020 Korea Południowa
5%
47 20.2 Colab Major Lazer, Anitta & Pablo Vittar 2017 USA/Brazylia/Brazylia
5%
25 29.7 Colab Nicky Jam & J Balvin 2018 USA/Kolumbia
5%
On the Ground
5%
16 41.6 Solo z Zespołu Rose 2021 Australia/Korea Połdniowa
5%
Sour Candy
5%
Thank U, Next
5%
Yes or Yes
5%
17 38.9 Solo 6ix9ine 2020 USA
0%
7 Rings
0%
33 25.1 Zespół Aespa 2021 Korea Południowa
0%
45 21.4 Zespół Aespa 2020 Korea Południowa
0%
Black Mamba
0%
Boom Boom
0%
Chicken Noodle Soup
0%
34 24.1 Colab Daddy Yankee, Redone, French Montana & Dinah Jane 2017 USA/Maroko/Maroko/USA
0%
Daechwita
0%
Don't Call Me Angel
0%
Dynamite (B-Side)
0%
Film Out
0%
GOOBA
0%
Hello
0%
Hot Sauce
0%
Killshot
0%
Life Goes On
0%
Look What You Made Me Do
0%
Machika
0%
Make a Wish
0%
22 34.2 Zespół NCT DREAM 2021 Korea Południowa
0%
32 25.3 Zespół NCT U 2020 Korea Południowa
0%
Next Level
0%
Rain On Me
0%
...Ready For It?
0%
SAD!
0%
Senorita
0%
Stay Gold
0%
Sua Cara
0%
Trollz
0%
WAP
0%
X
0%
27 27.7 Solo XXXTENTACION 2018 USA
0%
Nie znaleziono quizów pasujących do podanych kryteriów
Rozkład punktacji
Procent ludzi z każdym wynikiem
Percentyl według liczby udzielonych odpowiedzi
Twoja historia wyników
Nie rozwiązałeś tego quizu od ostatniego zresetowania